| 000 | 01105nam a2200217Ia 4500 | ||
|---|---|---|---|
| 001 | 16242 | ||
| 003 | GE_BSU | ||
| 008 | 181216s||||||||xx |||||||||||||| ||und|| | ||
| 020 | _aISBN 978-9941-15-827 | ||
| 040 | _cGE_BSU | ||
| 245 | _aრომაული პოეზია | ||
| 245 | _cმთარგმნ.: აკაკი ურუშაძე, ეკატერინე კობახიძე, თამარ კალატოზი, იამზე გაგუა,მარინა იმნაძე,მანანა ღარიბაშვილი, სერიის მთ. რედ. და შემდგ. ემზარ გოგუაძე,რედ:ნანა ტონია,დიზაინერი :ია მახათაძე | ||
| 260 | _aთბილისი | ||
| 260 | _bბაკურ სულაკაურის გამ-ბა, | ||
| 260 | _c2013 | ||
| 300 | _a344 გვ. 22 სმ. | ||
| 541 | _h12ლ. | ||
| 653 | _aანტიკური მწერლობა | ||
| 653 | _aრომაული პოეზია | ||
| 942 | _cBK | ||
| 999 |
_c49326 _d49326 |
||